000 00734nam a2200217 i 4500
001 114926
003 ES-MaACL
005 20250903025950.0
007 t|
008 070212s1954 sp ||||1| spa d
080 _a511.6
100 1 _aSkolem, Thoralf.
_9106752
245 1 0 _aUna exposición de la teoría de los números algebraicos /
_cTh. Skolem.
260 _aMadrid :
_bConsejo Superior de Investigaciones Científicas,
_c1954.
300 _a29 p. ;
_c24 cm.
490 1 _aMemorias de matemáticas del Instituto "Jorge Juan" ;
_v14
650 4 _aNúmeros, Teoría de los.
_9138233
830 0 0 _aMemorias de matemáticas del Instituto "Jorge Juan"
_v14
_9185834
852 _aES-MaACL
_jE-4514
999 _c114926
_d114926